Statistics for Emir Kusturica Movies

Click here to take the quiz!

General Stats

  • This quiz has been taken 4 times
  • The average score is 7 of 13

Answer Stats

Year of releaseAnswer% Correct
1993Arizona Dream
100%
1981Do you Remember Dolly Bell?
100%
2004Life Is a Miracle
100%
1988Time of the Gypsies
100%
1995Underground
100%
1998Black Cat, White Cat
50%
2008Maradona by Kusturica
50%
1985When Father Was Away on Business
50%
2018El Pepe: A Supreme Life
0%
2016On the Milky Road
0%
2007Promise Me This
0%
2001Super 8 Stories
0%
2014Words With Gods
0%

Score Distribution

Percentile by Number Answered

Percent of People with Each Score

Your Score History

You have not taken this quiz